<?xml version="1.0" encoding="UTF-8"?>
<record
    xmlns:xsi="http://www.w3.org/2001/XMLSchema-instance"
    xsi:schemaLocation="http://www.loc.gov/MARC21/slim http://www.loc.gov/standards/marcxml/schema/MARC21slim.xsd"
    xmlns="http://www.loc.gov/MARC21/slim">

  <leader>00726nam a22001337a 4500</leader>
  <datafield tag="040" ind1=" " ind2=" ">
    <subfield code="c">RUA</subfield>
  </datafield>
  <datafield tag="082" ind1=" " ind2=" ">
    <subfield code="a">AVM HOU 2012 B102 Or.1</subfield>
  </datafield>
  <datafield tag="100" ind1=" " ind2=" ">
    <subfield code="a">HOUT, CHAMROEUN.</subfield>
  </datafield>
  <datafield tag="245" ind1=" " ind2=" ">
    <subfield code="a">Effect of paramec 10 and albendazole on the gastrointestinal  parasite of cattle in donkor district phnom penh, &#x1794;&#x17D2;&#x179A;&#x179F;&#x17B7;&#x1791;&#x17D2;&#x1792;&#x1797;&#x17B6;&#x1796;&#x1793;&#x17C3;PARAMEC 10 &#x1793;&#x17B7;&#x1784; ALBENDAZOLE &#x179B;&#x17BE;&#x179C;&#x1782;&#x17D2;&#x1782;&#x1798;&#x17B6;&#x1793;&#x1794;&#x179A;&#x17B6;&#x179F;&#x17B7;&#x178F;&#x1780;&#x17D2;&#x1793;&#x17BB;&#x1784;&#x1780;&#x17D2;&#x179A;&#x1796;&#x17C7; &#x1796;&#x17C4;&#x17C7;&#x179C;&#x17C0;&#x1793;&#x1782;&#x17C4;&#x1780;&#x17D2;&#x1793;&#x17BB;&#x1784;&#x1781;&#x178E;&#x17D2;&#x178C;&#x178A;&#x1784;&#x17D2;&#x1780;&#x17C4; &#x179A;&#x17B6;&#x1787;&#x1792;&#x17B6;&#x1793;&#x17B8;&#x1797;&#x17D2;&#x1793;&#x17C6;&#x1796;&#x17C1;&#x1789;</subfield>
  </datafield>
  <datafield tag="260" ind1=" " ind2=" ">
    <subfield code="a">Phnom Penh</subfield>
    <subfield code="b">RUA</subfield>
    <subfield code="c">2012</subfield>
  </datafield>
  <datafield tag="300" ind1=" " ind2=" ">
    <subfield code="a">xi; 45p.</subfield>
    <subfield code="b">ill.</subfield>
    <subfield code="c">29cm.</subfield>
  </datafield>
  <datafield tag="856" ind1=" " ind2=" ">
    <subfield code="u">https://drive.google.com/file/d/1Z-b5wSoZHfRloU5raHmlEOSqfKQy8nPt/view?usp=sharing</subfield>
  </datafield>
  <datafield tag="942" ind1=" " ind2=" ">
    <subfield code="c">AVM</subfield>
  </datafield>
  <datafield tag="999" ind1=" " ind2=" ">
    <subfield code="c">2837</subfield>
    <subfield code="d">2837</subfield>
  </datafield>
  <datafield tag="952" ind1=" " ind2=" ">
    <subfield code="0">0</subfield>
    <subfield code="1">0</subfield>
    <subfield code="2">ddc</subfield>
    <subfield code="4">0</subfield>
    <subfield code="6">AVM_HOU_2012_000000000000000_B102_OR_1</subfield>
    <subfield code="7">0</subfield>
    <subfield code="9">13823</subfield>
    <subfield code="a">LBB</subfield>
    <subfield code="b">LBB</subfield>
    <subfield code="c">B102</subfield>
    <subfield code="d">2015-10-28</subfield>
    <subfield code="l">1</subfield>
    <subfield code="o">AVM HOU 2012 B102 Or.1</subfield>
    <subfield code="p">RUA019320</subfield>
    <subfield code="r">2016-07-26</subfield>
    <subfield code="s">2016-07-01</subfield>
    <subfield code="w">2015-10-28</subfield>
    <subfield code="y">AVM</subfield>
  </datafield>
  <datafield tag="952" ind1=" " ind2=" ">
    <subfield code="0">0</subfield>
    <subfield code="1">0</subfield>
    <subfield code="2">ddc</subfield>
    <subfield code="4">0</subfield>
    <subfield code="6">AVM_HOU_2012_000000000000000_B102_OR_2</subfield>
    <subfield code="7">0</subfield>
    <subfield code="9">13824</subfield>
    <subfield code="a">LBB</subfield>
    <subfield code="b">LBB</subfield>
    <subfield code="c">B102</subfield>
    <subfield code="d">2015-10-28</subfield>
    <subfield code="o">AVM HOU 2012 B102 Or.2</subfield>
    <subfield code="p">RUA020077</subfield>
    <subfield code="r">2015-10-28</subfield>
    <subfield code="w">2015-10-28</subfield>
    <subfield code="y">AVM</subfield>
  </datafield>
  <datafield tag="952" ind1=" " ind2=" ">
    <subfield code="0">0</subfield>
    <subfield code="1">0</subfield>
    <subfield code="2">ddc</subfield>
    <subfield code="4">0</subfield>
    <subfield code="6">AVM_HOU_2012_000000000000000_B102_OR_3</subfield>
    <subfield code="7">0</subfield>
    <subfield code="9">13825</subfield>
    <subfield code="a">LBB</subfield>
    <subfield code="b">LBB</subfield>
    <subfield code="c">B102</subfield>
    <subfield code="d">2015-10-28</subfield>
    <subfield code="l">1</subfield>
    <subfield code="o">AVM HOU 2012 B102 Or.3</subfield>
    <subfield code="p">RUA019742</subfield>
    <subfield code="r">2016-08-15</subfield>
    <subfield code="s">2016-08-12</subfield>
    <subfield code="w">2015-10-28</subfield>
    <subfield code="y">AVM</subfield>
  </datafield>
  <datafield tag="952" ind1=" " ind2=" ">
    <subfield code="0">0</subfield>
    <subfield code="1">0</subfield>
    <subfield code="2">ddc</subfield>
    <subfield code="4">0</subfield>
    <subfield code="6">AVM_HOU_2012_000000000000000_B102_OR_4</subfield>
    <subfield code="7">0</subfield>
    <subfield code="9">13826</subfield>
    <subfield code="a">LBB</subfield>
    <subfield code="b">LBB</subfield>
    <subfield code="c">B102</subfield>
    <subfield code="d">2015-10-28</subfield>
    <subfield code="l">1</subfield>
    <subfield code="o">AVM HOU 2012 B102 Or.4</subfield>
    <subfield code="p">RUA019714</subfield>
    <subfield code="r">2018-06-11</subfield>
    <subfield code="s">2018-05-21</subfield>
    <subfield code="w">2015-10-28</subfield>
    <subfield code="y">AVM</subfield>
  </datafield>
  <datafield tag="952" ind1=" " ind2=" ">
    <subfield code="0">0</subfield>
    <subfield code="1">0</subfield>
    <subfield code="2">ddc</subfield>
    <subfield code="4">0</subfield>
    <subfield code="6">AVM_HOU_2012_000000000000000_B102_OR_5</subfield>
    <subfield code="7">0</subfield>
    <subfield code="9">71704</subfield>
    <subfield code="a">LBB</subfield>
    <subfield code="b">LBB</subfield>
    <subfield code="c">B102</subfield>
    <subfield code="d">2018-03-27</subfield>
    <subfield code="o">AVM HOU 2012 B102 Or.5</subfield>
    <subfield code="p">A32334</subfield>
    <subfield code="r">2018-03-27</subfield>
    <subfield code="w">2018-03-27</subfield>
    <subfield code="y">AVM</subfield>
  </datafield>
  <datafield tag="952" ind1=" " ind2=" ">
    <subfield code="0">0</subfield>
    <subfield code="1">0</subfield>
    <subfield code="4">0</subfield>
    <subfield code="6">AVM_HOU_2012_000000000000000_B102_OR_1</subfield>
    <subfield code="7">0</subfield>
    <subfield code="9">92025</subfield>
    <subfield code="a">LBB</subfield>
    <subfield code="b">LBB</subfield>
    <subfield code="c">B102</subfield>
    <subfield code="d">2022-10-26</subfield>
    <subfield code="o">AVM HOU 2012 B102 Or.1</subfield>
    <subfield code="p">a37685</subfield>
    <subfield code="r">2022-10-26</subfield>
    <subfield code="y">AVM</subfield>
  </datafield>
</record>
